00447 2200169 4500245007300000020002200073250001100095700002200106100001700128650001400145005001900159260004400178041001400222084001000236300002200246336000900268 aTerorisme b : Sebuah Pemahaman bagi MasyarakatcJo SembiringhText a978-979-056-063-5 aCet. 1 aZusiyanah Samosir aJo Sembiring aTerorisme a20230228075549 aJakartabIntimedia Ciptanusantarac2011 aIndonesia a303.6 a122 hlm. :cilus. atext